Romeo Santos - Inocente lyrics - Statistics

General Stats
  • This quiz has been taken 17 times
  • The average score is 17 of 53
Answer Stats
Hint Answer % Correct
sí, lo … juro
92%
Señor … no soy un niño juez
75%
Atención todo el … , nunca he …. en vano jurado
75%
¿ Jura usted decir la verdad, y … la verdad ? solamente
75%
Su señoría no soy … cobarde
67%
Fabricó mentiras intentando hacerme … daño
58%
No quiero … su amor perder
58%
Y una mancha de … pintalabios
58%
Me declaro … inocente
50%
Inocente, en un … impotente juicio
50%
¡Hey, hey, silencio ! ¡… en la corte ! Orden
50%
Aquí hay pruebas … de que usted sí ha sido infiel contundentes
42%
Yo no soy … de lo que me acusan culpable
42%
Juro … solamente la verdad decir
42%
Me … inocente declaro
42%
Oh my God, … is guilty, … is guilty he
42%
Pero yo no he … nada hecho
42%
Y mi inocencia … entre sus manos peligra
42%
Yo la … ciegamente amo
33%
Juro … solamente la verdad decir
33%
Me declaro … Inocente
33%
Por mi … alguien madrecita
33%
Me … con par de tragos pasé
33%
No quiero … su amor perder
33%
Pero no se cómo … diablos
25%
Por … de la gente infamia
25%
Inocente, en un … impotente juicio
25%
… solo porque soy humano Lloro
25%
Nada más que la verdad, no … miento
25%
Nada más que la verdad, no … miento
25%
A … de perder a la mujer que yo mas quiero punto
25%
A … de perder a la mujer que yo mas quiero punto
25%
… salí en la noche Sábado
25%
Yo la … ciegamente amo
17%
Yo la … ciegamente amo
17%
Yo no soy … de lo que me acusan culpable
17%
Un ingenuo … decente
17%
Un ingenuo … decente
17%
Me … inocente declaro
17%
Me … inocente declaro
17%
Pero nunca la he … engañado
17%
Hay … en mi camisa fragancia
17%
Por … de la gente infamia
17%
Me declaro … Inocente
17%
Inocente, en un … impotente juicio
17%
Que ha … tentaciones sentido
17%
Que ha … tentaciones sentido
17%
Pero nunca la he … engañado
8%
A … de perder a la mujer que yo mas quiero punto
8%
Un ingenuo … decente
0%
Pero nunca la he … engañado
0%
Por … de la gente infamia
0%
Que ha … tentaciones sentido
0%
No matching quizzes found
Score Distribution
Percent of People with Each Score
Percentile by Number Answered
Your Score History
You have not taken this quiz